00543nam a2200205 a 450000100060000000300090000600800410001502000150005604000280007108200160009910000170011524500370013226000380016930000070020749000180021465000270023265000360025965000230029565000190031821834CO-ViMGA141112s2004 ck r 000 u spa d a8466620613 aCO-ViMGAbspacCO-ViMGA04a155.4 N168p1 aNaouri, Aldo10aPadres permisivos, hijos tiranos aBarcelona : bEdiciones B, c2005 a33 aSine guia non14aeducación DE NIÑOS14aFAMILIA - ASPECTOS PSICOLOGICOS14aNIÑOS PSICOLOGIA14aPADRES E HIJOS